Current US Naval Vessels - Statistics

General Stats
  • This quiz has been taken 6 times
  • The average score is 46 of 234
Answer Stats
Ship Class Ship Type Hull Number Vessel Name % Correct
CVN 78 Carrier CVN 78 USS Gerald R. Ford
100%
CVN 68 Carrier CVN 68 USS Nimitz
100%
CVN 68 Carrier CVN 72 USS Abraham Lincoln
80%
CG 47 Cruiser CG 54 USS Antietam
80%
CG 47 Cruiser CG 52 USS Bunker Hill
80%
CVN 68 Carrier CVN 77 USS George H. W. Bush
80%
CVN 68 Carrier CVN 73 USS George Washington
80%
CG 47 Cruiser CG 64 USS Gettysburg
80%
CVN 68 Carrier CVN 75 USS Harry S. Truman
80%
CVN 68 Carrier CVN 76 USS Ronald Reagan
80%
CVN 68 Carrier CVN 71 USS Theodore Roosevelt
80%
CG 47 Cruiser CG 68 USS Anzio
60%
CNV 68 Carrier CVN 70 USS Carl Vinson
60%
CVN 68 Carrier CVN 69 USS Dwight D. Eisenhower
60%
CG 47 Cruiser CG 66 USS Hue City
60%
CVN 68 Carrier CVN 74 USS John C. Stennis
60%
CG 47 Cruiser CG 67 USS Shiloh
60%
DDG 51 Destroyer DDG 68 USS The Sullivans
60%
DDG 51 Destroyer DDG 51 USS Arleigh Burke
40%
CG 47 Cruiser CG 71 USS Cape St. George
40%
CG 47 Cruiser CG 62 USS Chancellorsville
40%
CG 47 Cruiser CG 65 USS Chosin
40%
DDG 51 Destroyer DDG 93 USS Chung-Hoon
40%
CG 47 Cruiser CG 63 USS Cowpens
40%
DDG 51 Destroyer DDG 99 USS Farragut
40%
SSGN 726 Guided Missile Sub SSGN 728 USS Florida
40%
LCS Littoral Combat Ship LCS 17 USS Indianapolis
40%
DDG 51 Destroyer DDG 113 USS John Finn
40%
DDG 51 Destroyer DDG 56 USS John S. McCain
40%
CG 47 Cruiser CG 57 USS Lake Champlain
40%
CG 47 Cruiser CG 70 USS Lake Erie
40%
CG 47 Cruiser CG 55 USS Leyte Gulf
40%
SSBN 726 Ballistic Missile Sub SSBN 741 USS Maine
40%
LCS Littoral Combat Ship LCS 26 USS Mobile
40%
CG 47 Cruiser CG 53 USS Mobile Bay
40%
CG 47 Cruiser CG 61 USS Monterey
40%
SSBN 726 Ballistic Missile Sub SSBN 739 USS Nebraska
40%
SSBN 726 Ballistic Missile Sub SSBN 733 USS Nevada
40%
LPD 17 Amphibious Transport Dock LPD 18 USS New Orleans
40%
LPD 17 Amphibious Transport Dock LPD 21 USS New York
40%
CG 47 Cruiser CG 60 USS Normandy
40%
SSGN 726 Guided Missile Sub SSGN 726 USS Ohio
40%
CG 47 Cruiser CG 58 USS Philippine Sea
40%
CG 47 Cruiser CG 59 USS Princeton
40%
SSBN 726 Ballistic Missile Sub SSBN 740 USS Rhode Island
40%
CG 47 Cruiser CG 56 USS San Jacinto
40%
SSN 21 Nuclear Submarine SSN 21 USS Seawolf
40%
Cg 47 Cruiser CG 72 USS Vella Gulf
40%
CG 47 Cruiser CG 69 USS Vicksburg
40%
LHD 1 Amphibious Assault Ship LHD 1 USS Wasp
40%
SSBN 726 Ballistic Missile Sub SSBN 731 USS Alabama
20%
SSBN 726 Ballistic Missile Sub SSBN 732 USS Alaska
20%
SSN 668 Nuclear Submarine SSN 753 USS Albany
20%
DDG 51 Destroyer DDG 96 USS Bainbridge
20%
DDG 51 Destroyer DDG 52 USS Barry
20%
DDG 51 Destroyer DDG 65 USS Benfold
20%
LCC 19 Command Ship LCC 19 USS Blue Ridge
20%
DDG 51 Destroyer DDG 84 USS Bulkeley
20%
DDG 51 Destroyer DDG 64 USS Carney
20%
DDG 51 Destroyer DDG 90 USS Chafee
20%
SSN 668 Nuclear Submarine SSN 766 USS Charlotte
20%
DDG 51 Destroyer DDG 67 USS Cole
20%
SSN 668 Nuclear Submarine SSN 762 USS Columbus
20%
SSN 21 Nuclear Submarine SSN 22 USS Connecticut
20%
Other Historical USS Constitution
20%
DDG 51 Destroyer DDG 54 USS Curtis Wilbur
20%
DDG 51 Destroyer DDG 73 USS Decatur
20%
LCS Littoral Combat Ship LCS 7 USS Detroit
20%
DDG 51 Destroyer DDG 105 USS Dewey
20%
DDG 51 Destroyer DDG 75 USS Donald Cook
20%
DDG 51 Destroyer DDG 62 USS Fitzgerald
20%
DDG 51 Destroyer DDG 98 USS Forrest Sherman
20%
SSGN 726 Guided Missile Sub SSGN 729 USS Georgia
20%
DDG 51 Destroyer DDG 66 USS Gonzalez
20%
DDG 51 Destroyer DDG 107 USS Gravely
20%
LPD 17 Amphibious Transport Dock LPD 20 USS Green Bay
20%
DDG 51 Destroyer DDG 101 USS Gridley
20%
DDG 51 Destroyer DDG 97 USS Halsey
20%
SSN 668 Nuclear Submarine SSN 768 USS Hartford
20%
DDG 51 Destroyer DDG 76 USS Higgins
20%
DDG 51 Destroyer DDG 70 USS Hopper
20%
DDG 51 Destroyer DDG 83 USS Howard
20%
PC 1 Patrol Coastal PC 3 USS Hurricane
20%
LHD 1 Amphibious Assault Ship LHD 7 USS Iwo Jima
20%
LCS Littoral Combat Ship LCS 6 USS Jackson
20%
DDG 51 Destroyer DDG 95 USS James E Williams
20%
DDG 51 Destroyer DDG 109 USS Jason Dunham
20%
SSN 21 Nuclear Submarine SSN 23 USS Jimmy Carter
20%
DDG 51 Destroyer DDG 53 USS John Paul Jones
20%
SSBN 726 Ballistic Missile Sub SSBN 737 USS Kentucky
20%
DDG 51 Destroyer DDG 100 USS Kidd
20%
DDG 51 Destroyer DDG 58 USS Laboon
20%
DDG 51 Destroyer DDG 82 USS Lassen
20%
ESB 3 Expeditionary Sea Base ESB 3 USS Lewis B Puller
20%
LCS Littoral Combat Ship LCS 9 USS Little Rock
20%
SSBN 726 Ballistic Missile Sub SSBN 743 USS Louisiana
20%
DDG 51 Destroyer DDG 72 USS Mahan
20%
LHD 1 Amphibious Assault Ship LHD 8 USS Makin Island
20%
DDG 51 Destroyer DDG 87 USS Mason
20%
DDG 51 Destroyer DDG 85 USS McCampbell
20%
DDG 51 Destroyer DDG 74 USS McFaul
20%
DDG 51 Destroyer DDG 112 USS Michael Murphy
20%
SSGN 726 Guided Missile Sub SSGN 727 USS Michigan
20%
DDG 51 Destroyer DDG 69 USS Milius
20%
LCS Littoral Combat Ship LCS 5 USS Milwaukee
20%
DDG 51 Destroyer DDG 57 USS Mitscher
20%
DDG 51 Destroyer DDG 92 USS Momsen
20%
DDG 51 Destroyer DDG 89 USS Mustin
20%
DDG 51 Destroyer DDG 94 USS Nitze
20%
DDG 51 Destroyer DDG 77 USS O'Kane
20%
SSN 668 Nuclear Submarine SSN 723 USS Oklahoma City
20%
LCS Littoral Combat Ship LCS 12 USS Omaha
20%
DDG 51 Destroyer DDG 79 USS Oscar Austin
20%
DDG 51 Destroyer DDG 60 USS Paul Hamilton
20%
SSBN 726 Ballistic Missile Sub SSBN 735 USS Pennsylvania
20%
DDG 51 Destroyer DDG 91 USS Pinckney
20%
SSN 668 Nuclear Submarine SSN 720 USS Pittsburgh
20%
DDG 51 Destroyer DDG 78 USS Porter
20%
LPD 17 Amphibious Transport Dock LPD 27 USS Portland
20%
CG 47 Cruiser CG 73 USS Port Royal
20%
DDG 51 Destroyer DDG 88 USS Preble
20%
SSN 668 Nuclear Submarine SSN 719 USS Providence
20%
DDG 51 Destroyer DDG 114 USS Ralph Johnson
20%
DDG 51 Destroyer DDG 61 USS Ramage
20%
DDG 51 Destroyer DDG 115 USS Raphael Peralta
20%
DDG 51 Destroyer DDG 80 USS Roosevelt
20%
DDG 51 Destroyer DDG 71 USS Ross
20%
DDG 51 Destroyer DDG 59 USS Russell
20%
DDG 51 Destroyer DDG 102 USS Sampson
20%
LPD 17 Amphibious Transport Dock LPD 17 USS San Antonio
20%
LPD 17 Amphibious Transport Dock LPD 22 USS San Diego
20%
DDG 51 Destroyer DDG 86 USS Shoup
20%
SSN 668 Nuclear Submarine SSN 761 USS Springfield
20%
DDG 51 Destroyer DDG 111 USS Spruance
20%
DDG 51 Destroyer DDG 104 USS Sterett
20%
DDG 51 Destroyer DDG 63 USS Stethem
20%
DDG 51 Destroyer DDG 106 USS Stockdale
20%
DDG 51 Destroyer DDG 55 USS Stout
20%
SSBN 726 Ballistic Missile Sub SSBN 734 USS Tennessee
20%
DDG 51 Destroyer DDG 103 USS Truxtun
20%
SSN 668 Nuclear Submarine SSN 770 USS Tucson
20%
LCS Littoral Combat Ship LCS 16 USS Tulsa
20%
DDG 51 Destroyer DDG 108 USS Wayne E Meyer
20%
SSBN 726 Ballistic Missile Sub SSBN 736 USS West Virginia
20%
DDG 51 Destroyer DDG 110 USS William P Lawrence
20%
DDG 51 Destroyer DDG 81 USS Winston S. Churchill
20%
SSBN 726 Ballistic Missile Sub SSBN 742 USS Wyoming
20%
DDG 1000 Destroyer DDG 1000 USS Zumwalt
20%
SSN 668 Nuclear Submarine SSN 757 USS Alexandria
0%
LHA 6 Amphibious Assault Ship LHA 6 USS America
0%
LPD 17 Amphibious Transport Dock LPD 23 USS Anchorage
0%
SSN 668 Nuclear Submarine SSN 760 USS Annapolis
0%
LPD 17 Amphibious Transport Dock LPD 24 USS Arlington
0%
SSN 668 Nuclear Submarine SSN 758 USS Asheville
0%
LSD 41 Dock Landing Ship LSD 48 USS Ashland
0%
LHD 1 Amphibious Assault Ship LHD 5 USS Bataan
0%
LCS Littoral Combat Ship LCS 15 USS Billings
0%
SSN 668 Nuclear Submarine SSN 764 USS Boise
0%
LHD 1 Amphibious Assault Ship LHD 4 USS Boxer
0%
DDG 51 Destroyer DDG 120 USS Carl M Levin
0%
LSD 49 Dock Landing Ship LSD 50 USS Carter Hall
0%
LCS Littoral Combat Ship LCS 18 USS Charleston
0%
SSN 668 Nuclear Submarine SSN 773 USS Cheyenne
0%
SSN 668 Nuclear Submarine SSN 721 USS Chicago
0%
MCM 1 Mine Countermeasures Ship MCM 14 USS Chief
0%
PC 1 Patrol Coastal PC 9 USS Chinook
0%
LCS Littoral Combat Ship LCS 20 USS Cincinatti
0%
SSN 668 Nuclear Submarine SSN 771 USS Columbia
0%
LSD 41 Dock Landing Ship LSD 45 USS Comstock
0%
LCS Littoral Combat Ship LCS 23 USS Cooperstown
0%
LCS Littoral Combat Ship LCS 4 USS Coronado
0%
DDG 51 Destroyer DDG 118 USS Daniel Inouye
0%
DDG 51 Destroyer DDG 119 USS Delbert D Black
0%
MCM 1 Mine Countermeasures Ship MCM 6 USS Devestator
0%
MCM 1 Mine Countermeasures Ship MCM 13 USS Dextrous
0%
AS 39 Submarine Tender AS 39 USS Emory S Land
0%
LHD 1 Amphibious Assault Ship LHD 2 USS Essex
0%
LCS Littoral Combat Ship LCS 3 USS Fort Worth
0%
AS 39 Submarine Tender AS 40 USS Frank Cable
0%
DDG 51 Destroyer DDG 121 USS Frank E Petersen Jr
0%
LCS Littoral Combat Ship LCS 10 USS Gabrielle Giffords
0%
LSD 41 Dock Landing Ship LSD 42 USS Germantown
0%
MCM 1 Mine Countermeasures Ship MCM 11 USS Gladiator
0%
SSN 668 Nuclear Submarine SSN 772 USS Greenville
0%
LSD 41 Dock Landing Ship LSD 44 USS Gunston Hall
0%
SSN 668 Nuclear Submarine SSN 767 USS Hampton
0%
LSD 49 Dock Landing Ship LSD 49 USS Harpers Ferry
0%
SSN 668 Nuclear Submarine SSN 725 USS Helena
0%
SSBN 726 Ballistic Missile Sub SSBN 730 USS Henry M Jackson
0%
ESB 3 Expeditionary Sea Base ESB 4 USS Hershel Woody Williams
0%
SSN 668 Nuclear Submarine SSN 759 USS Jefferson City
0%
LPD 17 Amphibious Transport Dock LPD 26 USS John P Murtha
0%
LCS Littoral Combat Ship LCS 22 USS Kansas City
0%
LHD 1 Amphibious Assault Ship LHD 3 USS Kearsarge
0%
SSN 668 Nuclear Submarine SSN 722 USS Key West
0%
LCS Littoral Combat Ship LCS 14 USS Manchester
0%
LCS Littoral Combat Ship LCS 25 USS Marinette
0%
SSBN 726 Ballistic Missile Sub SSBN 738 USS Maryland
0%
LPD 17 Amphibious Transport Dock LPD 19 USS Mesa Verde
0%
ESB 3 Expeditionary Sea Base ESB 5 USS Miguel Keith
0%
LCS Littoral Combat Ship LCS 21 USS Minneapolis-St. Paul
0%
PC 1 Patrol Coastal PC 4 USS Monsoon
0%
LCS Littoral Combat Ship LCS 8 USS Montgomery
0%
SSN 668 Nuclear Submarine SSN 765 USS Montpelier
0%
LCC 19 Command Ship LCC 20 USS Mount Whitney
0%
LCS Littoral Combat Ship LCS 27 USS Nantucket
0%
SSN 668 Nuclear Submarine SSN 750 USS Newport News
0%
LSD 49 Dock Landing Ship LSD 51 USS Oak Hill
0%
LCS Littoral Combat Ship LCS 24 USS Oakland
0%
SSN 668 Nuclear Submarine SSN 752 USS Pasadena
0%
MCM 1 Mine Countermeasures Ship MCM 7 USS Patriot
0%
DDG 51 Destroyer DDG 117 USS Paul Ignatius
0%
LSD 49 Dock Landing Ship LSD 52 USS Pearl Harbor
0%
MCM 1 Mine Countermeasures Ship MCM 9 USS Pioneer
0%
AGER 2 Environmental Research Ship AGER 2 USS Pueblo
0%
LSD 41 Dock Landing Ship LSD 47 USS Rushmore
0%
SSN 668 Nuclear Submarine SSN 751 USS San Juan
0%
SSN 668 Nuclear Submarine SSN 763 USS Santa Fe
0%
LCS Littoral Combat Ship LCS 28 USS Savannah
0%
PC 1 Patrol Coastal PC 6 USS Scirocco
0%
SSN 668 Nuclear Submarine SSN 756 USS Scranton
0%
MCM 1 Mine Countermeasures Ship MCM 3 USS Sentry
0%
LCS Littoral Combat Ship LCS 11 USS Sioux City
0%
LPD 17 Amphibious Transport Dock LPD 25 USS Somerset
0%
LCS Littoral Combat Ship LCS 19 USS St. Louis
0%
DDG 51 Destroyer DDG 116 USS Thomas Hudner
0%
PC 1 Patrol Coastal PC 12 USS Thunderbolt
0%
SSN 668 Nuclear Submarine SSN 769 USS Toledo
0%
SSN 668 Nuclear Submarine SSN 754 USS Topeka
0%
LSD 41 Dock Landing Ship LSD 46 USS Tortuga
0%
LHA 6 Amphibious Assault Ship LHA 7 USS Tripoli
0%
MCM 1 Mine Countermeasures Ship MCM 10 USS Warrior
0%
LSD 41 Dock Landing Ship LSD 41 USS Whidbey Island
0%
LCS Littoral Combat Ship LCS 13 USS Wichita
0%
No matching quizzes found
Score Distribution
Percent of People with Each Score
Percentile by Number Answered
Your Score History
You have not taken this quiz